শুদ্ধাচার / (Record no. 12355)
[ view plain ]
| 000 -LEADER | |
|---|---|
| fixed length control field | 00723nam a2200229 a 4500 |
| 001 - CONTROL NUMBER | |
| JCCL Control Number | 12355 |
| 003 - CONTROL NUMBER IDENTIFIER | |
| JCCL marc code | BD-JhCC |
| 005 - DATE AND TIME OF LATEST TRANSACTION | |
| control field | 20211104125751.0 |
| 008 - FIXED-LENGTH DATA ELEMENTS--GENERAL INFORMATION | |
| fixed length control field | 211104b2020 bg |||| ||a| 000 0 Ben d |
| 020 ## - INTERNATIONAL STANDARD BOOK NUMBER | |
| International Standard Book Number | 9789843477149 |
| 035 ## - SYSTEM CONTROL NUMBER | |
| system control number | (BD-JhCC)12355 |
| 040 ## - CATALOGING SOURCE | |
| Original cataloging agency | BD-JhCC |
| Modifying agency | BD-JhCC |
| 041 ## - LANGUAGE CODE | |
| Language code of Book | Bengali |
| 082 ## - DEWEY DECIMAL CLASSIFICATION NUMBER | |
| Classification number | 395 |
| Author mark and Year | MAH 2020 |
| 100 ## - MAIN ENTRY--PERSONAL NAME | |
| Personal name | মহাজাতক,শহীদ আল বোখারী |
| 245 ## - TITLE STATEMENT | |
| Title | শুদ্ধাচার / |
| Statement of responsibility, etc | শহীদ আল বোখারী মহাজাতক। |
| 260 ## - PUBLICATION, DISTRIBUTION, ETC. (IMPRINT) | |
| Place of publication, distribution, etc | ঢাকা : |
| Name of publisher, distributor, etc | কোয়ান্টাম ফাউন্ডেশন ; |
| Date of publication, distribution, etc | ২০২০ . |
| 300 ## - PHYSICAL DESCRIPTION | |
| Pagination | 335 p. : |
| Dimensions | 22 cm. |
| 650 ## - SUBJECT ADDED ENTRY--TOPICAL TERM | |
| Topical term or geographic name as entry element | Etiquette |
| 942 ## - ADDED ENTRY ELEMENTS (KOHA) | |
| Source of classification or shelving scheme | Dewey Decimal Classification |
| Koha item type | Books |
| Source of classification or shelving scheme | Damaged status | Not for loan | Home library | Current library | Shelving location | Date of accession | Cost, normal purchase price | Total Checkouts | Full call number | Barcode | Date last seen | Date checked out | Copy number | Koha item type | Method of acquisition | Currency |
|---|---|---|---|---|---|---|---|---|---|---|---|---|---|---|---|---|
| Dewey Decimal Classification | JCC Rouf Library | JCC Rouf Library | General Stacks | 06/08/2021 | 340.00 | 2 | 395 MAH 2020 | 16998 | 05/17/2025 | 05/25/2024 | C-1 | Books | ||||
| Dewey Decimal Classification | JCC Rouf Library | JCC Rouf Library | General Stacks | 05/11/2023 | 400.00 | 1 | 395 MAH 2020 | 17576 | 09/18/2024 | 09/10/2024 | C-2 | Books | Purchase | BDT | ||
| Dewey Decimal Classification | JCC Rouf Library | JCC Rouf Library | General Stacks | 06/23/2023 | 300.00 | 2 | 395 MAH 2021 | 18310 | 09/23/2024 | 08/20/2024 | C-3 | Books | Purchase | BDT | ||
| Dewey Decimal Classification | JCC Rouf Library | JCC Rouf Library | General Stacks | 06/23/2023 | 300.00 | 1 | 395 MAH 2021 | 18309 | 04/17/2025 | 02/03/2025 | C-4 | Books | Purchase | BDT | ||
| Dewey Decimal Classification | JCC Rouf Library | JCC Rouf Library | General Stacks | 06/23/2023 | 300.00 | 395 MAH 2021 | 18308 | 07/31/2023 | C-5 | Books | Purchase | BDT |